BSOP header

God tells the man who cares {ch} / (Record no. 23737)

MARC details
000 -LEADER
fixed length control field 00679nam a2200181 4500
008 - FIXED-LENGTH DATA ELEMENTS--GENERAL INFORMATION
fixed length control field 050704s1987 -hk 000 0 chi
020 ## - INTERNATIONAL STANDARD BOOK NUMBER
International Standard Book Number 9622442455 :HK38/33.10/Php229.26
090 ## - LOCALLY ASSIGNED LC-TYPE CALL NUMBER (OCLC); LOCAL CALL NUMBER (OCLC)
Classification number (OCLC) (R) ; Classification number, CALL (RLIN) (NR) BV4832.2
Local cutter number (OCLC) ; Book number/undivided call number, CALL (RLIN) T66g
100 1# - MAIN ENTRY--PERSONAL NAME
Personal name Tozer, A. W.
Fuller form of name (Aiden Wilson),
Dates associated with a name 1897-1963.
245 10 - TITLE STATEMENT
Title God tells the man who cares {ch} /
Statement of responsibility, etc A.W. Tozer ; compiled by Anita M. Bailey.
250 ## - EDITION STATEMENT
Edition statement Chinese ed.
260 ## - PUBLICATION, DISTRIBUTION, ETC. (IMPRINT)
Place of publication, distribution, etc Hong Kong :
Name of publisher, distributor, etc China Alliance Press,
Date of publication, distribution, etc 1987.
300 ## - PHYSICAL DESCRIPTION
Extent 192 p.
500 ## - GENERAL NOTE
General note Originally published in English by Christian Publications,1970.
650 #4 - SUBJECT ADDED ENTRY--TOPICAL TERM
Topical term or geographic name as entry element Meditations {ch} .
951 ## - EQUIVALENCE OR CROSS-REFERENCE-GEOGRAPHIC NAME/AREA NAME [OBSOLETE] [CAN/MARC only]
General subdivision 00031101
700 1# - ADDED ENTRY--PERSONAL NAME
Personal name Bailey, Anita M.
951 ## - EQUIVALENCE OR CROSS-REFERENCE-GEOGRAPHIC NAME/AREA NAME [OBSOLETE] [CAN/MARC only]
-- C-6639
-- BV4832.2/T66g
-- 070613111502296
-- 2000-12-21
-- CH
Holdings
Withdrawn status Lost status Damaged status Not for loan Home library Current library Shelving location Date acquired Accession number Shelving control number Total Checkouts Full call number Barcode Date last seen Price effective from Koha item type
        BSOP Library BSOP Library Chinese Books (General Circulation) 12/21/2000 C-6639 127   BV4832.2/T66g 00031101 02/23/2013 02/23/2013 Books
BSOP

Biblical Seminary of the Philippines
  All rights Reserved
  © 2024

CONTACT INFORMATION

Biblical Seminary of the Philippines,
  77-B Karuhatan Road, Valenzuela City,
  PHILIPPINES 1441
  Phone: +632 8292-6795 / 8292-6798
  Fax : +632 8292-6675
  Email: library@bsop.edu.ph